Counties of England: No Repeating Letters - Statistics

General Stats
  • This quiz has been taken 14 times
  • The average score is 4 of 7
Answer Stats
Answer % Correct
Devon
93%
Kent
86%
Cumbria
71%
Dorset
64%
Rutland
43%
Bristol
36%
Hampshire
14%
No matching quizzes found
Score Distribution
Percent of People with Each Score
Percentile by Number Answered
Your Score History
You have not taken this quiz